| 000 | 00307nam a2200097Ia 4500 | ||
|---|---|---|---|
| 008 | 220204s9999 xx 000 0 und d | ||
| 082 |
_a546 _bANN.83 |
||
| 245 | 0 | _aAnnual reports on the progress of chemistry. V 83. Sec A.Inorganic chemistry. 1986 | |
| 260 |
_aLondon _bRoyal Soc of Chemistry _c1987 |
||
| 942 | _cBK | ||
| 999 |
_c44972 _d44972 |
||